000 03187nam0a2200373 4500
001 RU\NLR\BIBL_A\012918940
005 20221219103930.0
010 _a978-5-9753-0354-7
_950
021 _aRU
_bКН-П-22-062114
_9КН-П-22-5380
035 _a(NLR Aleph) 012918940
035 _a(RuMoRGB)011207361
090 _a12638263
_c12638263
100 _a20221024d2021 u y0rusy50 ca
101 0 _arus
102 _aRU
105 _aa j 000zy
181 0 _ai3
_baxxe
182 0 _an
200 1 _aОрганизация деятельности участкового уполномоченного полиции
_eучебно-практическое пособие
_fТ. Г. Кулакова
_gФедеральное государственное казенное образовательное учреждение высшего образования "Дальневосточный юридический институт Министерства внутренних дел Российской Федерации"
203 _aТекст
_bвизуальный
_cнепосредственный
210 _aХабаровск
_cДВЮИ МВД России
_d2021
215 _a114 с.
_cтабл.
_d21
300 _aАвт. указан на обороте тит. с. в макете
320 _aБиблиогр.: с. 82-87 (64 назв.)
330 _aУчебно-практическое пособие направлено на формирование у обучающихся взаимосвязанного, отчетливого представления о деятельности участкового уполномоченного полиции. Предназначено для слушателей очной и заочной формы обучения по основным программам профессиональной подготовки для лиц среднего и старшего начальствующего состава, впервые принятых на службу в органы внутренних дел Российской Федерации и имеющих высшее или среднее профессиональное (юридическое, неюридическое) образование, по должности служащего "Полицейский". В работе представлены тестовые задания, образцы заполнения процессуальных документов, ситуационные задачи, схемы
606 1 _aПолиция
_jУчебные издания
_xУчастковые инспектора
_xОрганизация работы
_yРоссийская Федерация
_92102484
_3RU\NLR\AUTH\661575038
686 1 _aХ621.163.1я7
700 1 _aКулакова
_bТ. Г.
_gТатьяна Геннадьевна
712 0 2 _4475
_aДальневосточный юридический институт
_cХабаровск
_9586585
_3RU\NLR\AUTH\8810043537
942 _cBOOK
980 _aNB